000
00246pam a2200109 a 4500
020
_c
041
_h
100
_a
CII
_e
author
245
_a
Battling for Market Share
_h
Textual Document
260
_b
Confederation of India -
_c
2004
930
_a
733
999
_c
819947
_d
819947